000 00745nas a2200253 4500
001 BR8101478
003 BR-BrBNA
005 20231205084556.0
007 ta
008 230509b bl.|||p| |||| 00| 00por d
040 _aBR-BrBNA
_bpor
_cBiblioteca Nacional de Agricultura
041 _a(Pt)
072 _aL10; L30
100 1 _aSmith, M.W.
245 1 _aCaroteno-beta e fertilidade das vacas [Vitamina A.]
650 _aMelhoramento genetico animal
650 _aNutricao animal
650 _aVaca
650 _aVitamina A
650 _aFertilidade animal
773 0 _tRevista dos Criadores (Brazil)
_xISSN 0034-9259
_g(Sep 1980), v. 50(608) p. 57-59
_wBR8101478
909 _a202311
_bLúcia
_c55
_dLúcia Elande
942 _2AGRIS
_n0
_cANA
999 _c106027
_d106027